000 00565nam a22001817a 4500
999 _c9371
_d9371
008 210408b ||||| |||| 00| 0 eng d
040 _aBMS College of Architecture
100 _aPrabhu, Sujit
245 _aEncrypted prototype for a productive habitat
300 _a70p.
500 _a1BM14AHD09
502 _8M,Arch
_NBMS College of Architecture, Visvesvaraya Technological University
_aDissertation
_d2016
650 _aNA
700 _aMamatha P Raj
_eGuide
700 _aSadashiv Chakravarthy
_eGuide
700 _aRachana Suraj
_eGuide
942 _2ddc
_cPGTHE